Devine le joueur de football selon ses clubs #12 - Statistiques

Statistiques générales
  • Ce quiz a été pris 285 fois
  • Le résultat moyen est 4 sur 6
Statistiques - réponses
1er club 2ème club 3ème club 4ème club 5ème club Joueurs % Correct
KRNC Genk Chelsea FC Werder Brême (prêt) VfL Wolfsburg Manchester City Kevin De Bruyne
94%
Southampton FC Tottenham Real Madrid Tottenham (prêt) Los Angeles FC Gareth Bale
82%
Manchester United Real Madrid Galaxy Los Angeles AC Milan (prêt) PSG David Beckham
76%
Novare Calcio Udinese Calcio Sampdoria Gênes Sporting CP Manchester United Bruno Fernandes
75%
Ajax Amsterdam Tottenham Inter Milan Bretford FC Manchester United Christian Eriksen
57%
FC Barcelone Atlético de Madrid Genoa CFC Inter Milan PSG Thiago Motta
35%
Aucun quiz correspondant
Distribution des résultats
% des personnes avec chaque résultat
Percentile par nombre de réponses
Votre historique - résultats
Vous n’avez pas pris ce quiz